000 00579nam a22002057a 4500
005 20240902080248.0
008 240902b |||||||| |||| 00| 0 eng d
020 _a9788119679577
040 _aIN-DiNC
_cIN-DiNC
041 _dasm
082 _a370.1
_bSAI
100 _aSaikia, Tarun
_eauthor
245 _aSikshar samajtattwik vitti/
_cby Tarun Saikia and Runu Bora Saikia
250 _a1st ed.
260 _aJorhat:
_bBidya bhawan,
_c2024.
300 _a312p.
650 _aSociological foundations of education
700 _aSaikia, Runu Bora
_eauthor
942 _2ddc
_cBK
999 _c11921
_d11921